000 00466nam a2200181Ia 4500
005 20231003092215.0
008 131103s9999 xx 000 0 und d
040 _aLoreto College
041 _aEnglish
082 _a709.45
_bMIC
100 _aBuonarroti,Michelangelo
245 _aMichelangelo
_cMichelangelo Buonarroyi
260 _aLondon
_bThames and Hudson
_c1965
300 _a162p
700 _aText by Frederick Hartt
850 _aLCLIB
942 _cBK
999 _c35992
_d86471